Statistics for 2018 FIFA World Cup Results

Click here to take the quiz!

General Stats

  • This quiz has been taken 41 times
  • The average score is 21 of 32

Answers on the Map

Answers color-coded by a green-red scale on the quiz's map according to % correct below.
 

Answer Stats

Nation% Correct
France
100%
Croatia
96%
England
96%
Argentina
91%
Portugal
91%
Russia
83%
Belgium
78%
Brazil
78%
Spain
78%
Germany
74%
Japan
74%
Australia
70%
South Korea
70%
Uruguay
70%
Morocco
65%
Colombia
61%
Denmark
61%
Egypt
61%
Mexico
61%
Poland
61%
Senegal
61%
Nigeria
57%
Saudi Arabia
57%
Sweden
57%
Switzerland
57%
Peru
52%
Serbia
52%
Iran
48%
Costa Rica
43%
Panama
43%
Tunisia
43%
Iceland
39%

Score Distribution

Percentile by Number Answered

Percent of People with Each Score

Your Score History

You have not taken this quiz